• 首页
  • 本馆介绍
  • 公告通知
  • 最新文献
  • 馆藏检索
  • 电子资源
  • 读者导购
  • 参考咨询
  • 我的图书馆
  • 登录
  • 详细信息显示
  • 放入我的书架
  • 预约/预借图书
  • 作者相关作品
  • 分类相关作品
  • 丛书相关作品
  • 出版社相关作品

书目信息

  • 表格格式
  • 工作单格式
  • 卡片格式
题名:
图说中国文化
    
 
作者: 王富春 , 赵宏岩 编著
分册:   中医中药卷
出版信息: 长春   吉林人民出版社  2007
页数: 208页
开本: 25cm
丛书名:
单 册:
中图分类: K203-49 , R2-49
科图分类:
主题词: 文化史--中国--通俗读物 , 中国医药学--普及读物 , 文化史 , 中国医药学
电子资源:
ISBN: 978-7-206-05367-2
000 01158nam0 2200301 45
001 1050824422
005 20100419100311.89
010    @a978-7-206-05367-2@dCNY39.80
100    @a20100326e20092007em y0chiy50 ea
101 0  @achi
102    @aCN@b220000
105    @aa z 000yy
106    @ar
200 1  @a图说中国文化@ATu Shuo Zhong Guo Wen Hua@dIllustrated Introductions of Chinese Culture@i中医中药卷@IZhong Yi Zhong Yao Juan@f王富春,赵宏岩编著@FWang Fu Chun, Zhao Hong Yan Bian Zhu@zeng
210    @a长春@c吉林人民出版社@d2007@h2009
215    @a208页@d25cm
330    @a本书从尝尽百草的圣贤、见微知著的望闻问切、温热寒凉的百草药性、神秘的经络到延年益寿的养生妙法、各具特色的民族医药等。介绍了中医学理论的基本特点和中医药文化的发展脉络。
510 1  @aIllustrated Introductions of Chinese Culture@zeng
606 0  @a文化史@y中国@j通俗读物
606 0  @a中国医药学@j普及读物
606 0  @a文化史
606 0  @a中国医药学
690    @aK203-49@v4
690    @aR2-49@v4
701  0 @a王富春@AWang Fu Chun@f(1961~)@4编著
701  0 @a赵宏岩@AZhao Hong Yan@4编著
801  0 @aCN@bTANGWEI@c20100419
905    @b0590852-53@dK203-49@e129:6@f2
    
    图说中国文化=Illustrated Introductions of Chinese Culture.中医中药卷/王富春,赵宏岩编著.-长春:吉林人民出版社,2007(2009)
    208页;25cm
    
    
    ISBN 978-7-206-05367-2:CNY39.80
    本书从尝尽百草的圣贤、见微知著的望闻问切、温热寒凉的百草药性、神秘的经络到延年益寿的养生妙法、各具特色的民族医药等。介绍了中医学理论的基本特点和中医药文化的发展脉络。
●
相关链接 在E读中查询图书 在五车中查询图书 在当当中查询图书 在豆瓣中查询图书


正题名:图说中国文化     索取号:K203-49/129:6         预约/预借

序号 登录号 条形码 馆藏地/架位号 状态 备注
1 0590852   205908525   第二样本阅览室/ [索取号:K203-49/129:6] 在馆    
2 0590853   205908534   第二借阅区/ [索取号:K203-49/129:6] 在馆    
唐山师范学院图书馆 欢迎您!
大连网信软件有限公司© 版权所有